[Event "Budapest FS03 IM"]
[Site "Budapest"]
[Date "2024.03.09"]
[Round "7"]
[White "Ilincic, Zlatko"]
[Black "Varga, Csaba Zoltan"]
[Result "1-0"]
[WhiteElo "2261"]
[BlackElo "2111"]
[PlyCount "97"]
[EventDate "2024.03.02"]
[EventType "tourn"]
[EventRounds "9"]
[EventCountry "HUN"]
[SourceTitle "CB12_2024"]
[SourceDate "2023.10.01"]
[SourceVersion "1"]
[SourceVersionDate "2023.10.01"]
[SourceQuality "1"]

1. d4 d5 2. e3 c5 3. dxc5 Nc6 4. c4 d4 5. exd4 Qxd4 6. Qxd4 Nxd4 7. Bd3 g6 8. Be3 Bg7 9. Nc3 Bf5 10. 0-0-0 Ne6 11. Bxf5 gxf5 12. Nd5 Nf6 13. Nxf6+ Bxf6 14. Ne2 Rg8 15. g3 Ng5 16. Rd3 Nf3 17. Bf4 Ne5 18. Bxe5 Bxe5 19. Rd5 Bh8 20. Rxf5 Rg6 21. b3 Ra6 22. a4 Re6 23. Nf4 Re4 24. f3 Rd4 25. Rd1 Rad8 26. Rxd4 Bxd4 27. Kc2 Be3 28. Nd3 e6 29. Rh5 h6 30. f4 Rd4 31. Rxh6 Re4 32. Rh8+ Kd7 33. Ne5+ Kc7 34. Rh7 Bxc5 35. Rxf7+ Kc8 36. h4 Re2+ 37. Kd1 Rh2 38. g4 Rxh4 39. g5 Rh8 40. g6 Bd6 41. g7 Rg8 42. Ke2 a6 43. Kf3 b5 44. axb5 axb5 45. cxb5 Kb8 46. Nd7+ Ka8 47. Nf6 Rc8 48. g8Q Ba3 49. Qxc8# 1-0

[Event "Budapest FS03 IM"]
[Site "Budapest"]
[Date "2024.03.08"]
[Round "6"]
[White "Varga, Csaba Zoltan"]
[Black "Varadi, Viktor"]
[Result "1/2-1/2"]
[WhiteElo "2111"]
[BlackElo "2374"]
[PlyCount "50"]
[EventDate "2024.03.02"]
[EventType "tourn"]
[EventRounds "9"]
[EventCountry "HUN"]
[SourceTitle "CB12_2024"]
[SourceDate "2023.10.01"]
[SourceVersion "1"]
[SourceVersionDate "2023.10.01"]
[SourceQuality "1"]

1. e4 c5 2. Nf3 d6 3. d4 cxd4 4. Nxd4 Nf6 5. Nc3 a6 6. Bc4 e6 7. Bb3 b5 8. Bg5 Be7 9. Qf3 Qc7 10. e5 Bb7 11. exd6 Bxd6 12. Qe3 Bc5 13. 0-0-0 Nc6 14. Qxe6+ fxe6 15. Nxe6 Bd6 16. Rhe1 Kd7 17. Nxc7 Kxc7 18. Bxf6 gxf6 19. Nd5+ Kb8 20. Nb6 Bf4+ 21. Kb1 Ra7 22. Nd7+ Ka8 23. Nb6+ Kb8 24. Nd7+ Ka8 25. Nb6+ Kb8 1/2-1/2

[Event "Budapest FS12 Nadassy"]
[Site "Budapest"]
[Date "2023.12.08"]
[Round "6.4"]
[White "Poor, Sandor"]
[Black "Varga, Csaba Zoltan"]
[Result "0-1"]
[WhiteElo "1938"]
[BlackElo "2201"]
[PlyCount "70"]
[EventDate "2023.12.02"]
[EventType "tourn"]
[EventRounds "10"]
[EventCountry "HUN"]
[SourceTitle "CB51_2023"]
[SourceDate "2023.12.20"]
[SourceVersion "1"]
[SourceVersionDate "2023.12.20"]
[SourceQuality "1"]
[WhiteTeam "Team Lower Elo"]
[BlackTeam "Team Higher Elo"]
[WhiteTeamCountry "HUN"]
[BlackTeamCountry "HUN"]

1. d4 d5 2. Nf3 c5 3. c4 dxc4 4. e3 cxd4 5. Bxc4 Qc7 6. Qb3 e6 7. exd4 Nc6 8. 0-0 a6 9. Bd2 Nf6 10. Qe3 Bd6 11. h3 0-0 12. Nc3 Rd8 13. Qe2 b5 14. Bd3 Nb4 15. Bb1 Bb7 16. a3 Nbd5 17. Ne4 Nxe4 18. Bxe4 Nf4 19. Qe1 Bd5 20. Bxd5 exd5 21. Ba5 Qc2 22. Bxd8 Rxd8 23. Qb1 Qb3 24. Qd1 Qxb2 25. g3 Ne2+ 26. Kh1 Re8 27. Qd3 Nc3 28. Qf5 h6 29. Rac1 Ne4 30. Kg1 Qxa3 31. Ra1 Qc3 32. Rac1 Qa3 33. Rc8 Rxc8 34. Qxc8+ Bf8 35. Kg2 b4 0-1

[Event "Budapest Vezerkepzo Autumn IM"]
[Site "Budapest"]
[Date "2023.10.19"]
[Round "1"]
[White "Varga, Csaba Zoltan"]
[Black "Varga, Zoltan"]
[Result "0-1"]
[WhiteElo "2235"]
[BlackElo "2356"]
[PlyCount "126"]
[EventDate "2023.10.19"]
[EventType "tourn"]
[EventRounds "9"]
[EventCountry "HUN"]
[SourceTitle "Mega2024 Update 01"]
[Source "Chessbase"]
[SourceDate "2023.11.12"]
[SourceVersion "1"]
[SourceVersionDate "2023.11.12"]
[SourceQuality "1"]

1. Nf3 d5 2. g3 c6 3. Bg2 Nf6 4. d3 Bg4 5. Nbd2 Nbd7 6. h3 Bh5 7. 0-0 e5 8. e4 dxe4 9. dxe4 Bc5 10. Qe1 0-0 11. Nc4 Re8 12. b4 Bxf3 13. Bxf3 Bd4 14. c3 Bb6 15. Nd6 Re6 16. Nf5 a5 17. Qd2 axb4 18. cxb4 Nf8 19. a4 Qxd2 20. Bxd2 g6 21. Ne3 Bd4 22. Ra2 b5 23. a5 Rd6 24. Rc1 h5 25. Rac2 Ra6 26. Nd1 Ne6 27. Nc3 Ba7 28. Ne2 Nd7 29. Bg2 Kf8 30. Kf1 Ke8 31. f4 Rxd2 32. Rxd2 Be3 33. Rdc2 Bxc1 34. Rxc1 Ke7 35. h4 c5 36. f5 Nd8 37. bxc5 b4 38. Ke1 Nc6 39. fxg6 fxg6 40. Bh3 Ndb8 41. Bc8 Rxa5 42. Bb7 Kd7 43. Rc4 Rb5 44. Ba8 Na6 45. Kd2 Rxc5 46. Kd3 Na5 47. Rc2 Rxc2 48. Kxc2 Nc7 49. Bd5 Nxd5 50. exd5 Kd6 51. Nc1 Kxd5 52. Nd3 Nc6 53. Nf2 Kd4 54. g4 e4 55. gxh5 gxh5 56. Nh1 Ke3 57. Ng3 Nd4+ 58. Kd1 b3 59. Nf1+ Kd3 60. Nd2 b2 61. Nb1 e3 62. Nd2 Nf3 63. Nxf3 b1R# 0-1

[Event "Budapest FS10 IM"]
[Site "Budapest"]
[Date "2023.10.14"]
[Round "7"]
[White "Varga, Csaba Zoltan"]
[Black "Chubakov, Sultan"]
[Result "1-0"]
[WhiteElo "2235"]
[BlackElo "2069"]
[PlyCount "59"]
[EventDate "2023.10.07"]
[EventType "tourn"]
[EventRounds "9"]
[EventCountry "HUN"]
[EventCategory "2"]
[SourceTitle "Mega2024 Update 01"]
[Source "Chessbase"]
[SourceDate "2023.11.12"]
[SourceVersion "1"]
[SourceVersionDate "2023.11.12"]
[SourceQuality "1"]

1. e4 e5 2. Nf3 Nf6 3. d3 Nc6 4. c4 g6 5. Nc3 Bg7 6. Be2 d6 7. Be3 h6 8. h3 a6 9. Qd2 Nd7 10. d4 exd4 11. Nxd4 Nxd4 12. Bxd4 0-0 13. Bxg7 Kxg7 14. 0-0 Re8 15. Rfe1 a5 16. Bf1 Kh7 17. Rad1 Nc5 18. e5 Ra6 19. Qf4 Be6 20. Nb5 Qb8 21. exd6 cxd6 22. Rxd6 Rxd6 23. Nxd6 Rd8 24. Rxe6 Nxe6 25. Qxf7+ Kh8 26. Qf6+ Kh7 27. c5 Ng7 28. Bd3 Nf5 29. Qf7+ Kh8 30. Qxg6 1-0

[Event "Bratislava exe op"]
[Site "Bratislava"]
[Date "2023.09.17"]
[Round "3"]
[White "Varga, Csaba Zoltan"]
[Black "Babula, Matej"]
[Result "1-0"]
[WhiteElo "2235"]
[BlackElo "2042"]
[PlyCount "59"]
[EventDate "2023.09.15"]
[EventType "swiss"]
[EventRounds "9"]
[EventCountry "SVK"]
[SourceTitle "EXT 2024"]
[Source "ChessBase"]
[SourceDate "2023.10.10"]
[SourceVersion "1"]
[SourceVersionDate "2023.10.10"]
[SourceQuality "1"]

1. d4 Nf6 2. c4 e6 3. Nc3 Bb4 4. e3 b6 5. Nge2 Ne4 6. Qc2 Bb7 7. a3 Bxc3+ 8. Nxc3 Nxc3 9. Qxc3 d6 10. a4 a5 11. Ra3 Nd7 12. h4 e5 13. Qc2 Qe7 14. d5 Nc5 15. e4 Bc8 16. Re3 Bd7 17. b3 0-0 18. g4 Bxg4 19. Rg3 Bh5 20. Bh3 Bg6 21. f3 Qxh4 22. Rhg1 Bxe4 23. fxe4 Nxe4 24. Qd3 Nxg3 25. Rxg3 f5 26. Bg5 Qe4+ 27. Qxe4 fxe4 28. Bh6 Rf3 29. Be6+ Kf8 30. Rxg7 1-0

[Event "HUN-chT 2223"]
[Site "Hungary"]
[Date "2023.04.23"]
[Round "9.5"]
[White "Varga, Csaba Zoltan"]
[Black "Kantor, Gergely"]
[Result "0-1"]
[WhiteElo "2360"]
[BlackElo "2561"]
[PlyCount "94"]
[EventDate "2022.11.20"]
[EventType "team-tourn"]
[EventRounds "9"]
[EventCountry "HUN"]
[SourceTitle "EXT 2024"]
[Source "ChessBase"]
[SourceDate "2023.10.10"]
[SourceVersion "1"]
[SourceVersionDate "2023.10.10"]
[SourceQuality "1"]
[WhiteTeam "Biatorbagy"]
[BlackTeam "Aquaprofit"]
[WhiteTeamCountry "HUN"]
[BlackTeamCountry "HUN"]

1. e3 Nf6 2. Be2 d6 3. d4 Nbd7 4. c4 e5 5. Nc3 g6 6. h4 h6 7. g4 Bg7 8. f4 exf4 9. exf4 Nb6 10. a4 a5 11. Ra3 Qe7 12. g5 hxg5 13. fxg5 Nh5 14. Kf2 0-0 15. Nb5 f6 16. Bxh5 gxh5 17. g6 Bg4 18. Nf3 Nxc4 19. Re1 Qd7 20. Rc3 c6 21. Rxc4 cxb5 22. axb5 Rae8 23. b6 Rxe1 24. Kxe1 Qf5 25. Kf2 Qxg6 26. Rc7 Qe4 27. Qb3+ Kh8 28. Qe3 f5 29. Re7 Qc2+ 30. Qd2 Qc6 31. d5 Qxb6+ 32. Qe3 Qxe3+ 33. Bxe3 Bxf3 34. Kxf3 Bxb2 35. Rxb7 Be5 36. Ra7 Rb8 37. Rxa5 Rb3 38. Ke2 f4 39. Ba7 Kh7 40. Kf2 Kg6 41. Kg2 Kf5 42. Bf2 f3+ 43. Kh3 Rb1 44. Be1 Rxe1 45. Ra1 Bxa1 46. Kh2 Be5+ 47. Kh3 Rh1# 0-1

[Event "Budapest SixDays 03 GM-B"]
[Site "Budapest"]
[Date "2023.03.26"]
[Round "4"]
[White "Tran, Thanh Tu"]
[Black "Varga, Csaba Zoltan"]
[Result "1/2-1/2"]
[WhiteElo "2402"]
[BlackElo "2278"]
[PlyCount "70"]
[EventDate "2023.03.24"]
[EventType "tourn"]
[EventRounds "9"]
[EventCountry "HUN"]
[EventCategory "6"]
[SourceTitle "CBM 213 Extra"]
[Source "ChessBase"]
[SourceDate "2023.05.31"]
[SourceVersion "1"]
[SourceVersionDate "2023.05.31"]
[SourceQuality "1"]

1. d4 d5 2. Nc3 Nf6 3. Bf4 c6 4. e3 Qb6 5. Rb1 g6 6. h3 Bg7 7. Nf3 0-0 8. b4 Bf5 9. Bd3 Bxd3 10. cxd3 a5 11. Qa4 Qd8 12. b5 Nbd7 13. bxc6 bxc6 14. 0-0 c5 15. Rb7 cxd4 16. exd4 Qc8 17. Rc7 Qa6 18. Rxd7 Nxd7 19. Qxd7 e6 20. Ne5 a4 21. Rb1 Qc8 22. Nb5 a3 23. Qe7 Qc2 24. Rc1 Qxa2 25. Nd6 Qb2 26. Nexf7 a2 27. Qxe6 h6 28. Rc7 a1Q+ 29. Kh2 Qxd4 30. Be5 Qxf2 31. Nxh6+ Kh8 32. Bxg7+ Qxg7 33. Nhf7+ Kg8 34. Ng5+ Kh8 35. Ngf7+ Kh7 1/2-1/2

[Event "Budapest FS03 IM"]
[Site "Budapest"]
[Date "2023.03.13"]
[Round "8"]
[White "Varga, Csaba Zoltan"]
[Black "Karamsetty, Jeevan"]
[Result "1/2-1/2"]
[WhiteElo "2278"]
[BlackElo "2206"]
[PlyCount "87"]
[EventDate "2023.03.04"]
[EventType "tourn"]
[EventRounds "9"]
[EventCountry "HUN"]
[EventCategory "1"]
[SourceTitle "CBM 213 Extra"]
[Source "ChessBase"]
[SourceDate "2023.05.31"]
[SourceVersion "1"]
[SourceVersionDate "2023.05.31"]
[SourceQuality "1"]

1. c3 g6 2. h4 Bg7 3. h5 d5 4. d4 gxh5 5. Rxh5 Nf6 6. Rg5 Bh6 7. Rg3 Bxc1 8. Qxc1 Bf5 9. Rf3 Qd7 10. Qf4 Be4 11. Rh3 Rg8 12. f3 Bg6 13. Nd2 Nc6 14. e4 0-0-0 15. Ne2 dxe4 16. fxe4 Ng4 17. Nb3 e5 18. Qf3 h5 19. d5 Ne7 20. c4 Qa4 21. Nc3 Qb4 22. Qd1 Nc6 23. a3 Qe7 24. Be2 f5 25. c5 Qf6 26. Qd2 Nd4 27. Nxd4 exd4 28. Nb5 a6 29. Na7+ Kd7 30. c6+ bxc6 31. e5 Nxe5 32. 0-0-0 c5 33. Rb3 Rb8 34. Rxb8 Rxb8 35. Qc2 Qb6 36. Bxh5 d3 37. Qc3 Bxh5 38. Qxe5 Bxd1 39. Qg7+ Kd6 40. Qf6+ Kxd5 41. Qxf5+ Kd4 42. Qf4+ Kd5 43. Qf5+ Kd4 44. Qf4+ 1/2-1/2

[Event "Budapest Vezerkepzo Winter GM"]
[Site "Budapest"]
[Date "2023.02.23"]
[Round "8"]
[White "Varga, Csaba Zoltan"]
[Black "Kotronias, Vasilios"]
[Result "1/2-1/2"]
[WhiteElo "2299"]
[BlackElo "2468"]
[PlyCount "179"]
[EventDate "2023.02.16"]
[EventType "tourn"]
[EventRounds "9"]
[EventCountry "HUN"]
[EventCategory "6"]
[SourceTitle "CBM 212 Extra"]
[Source "ChessBase"]
[SourceDate "2023.03.31"]
[SourceVersion "1"]
[SourceVersionDate "2023.03.31"]
[SourceQuality "1"]

1. c3 e5 2. d4 Nc6 3. h4 d5 4. dxe5 Nxe5 5. Bf4 Bd6 6. h5 Qe7 7. e3 c6 8. Nd2 h6 9. Qa4 Nf6 10. Ngf3 b5 11. Qd4 Nfg4 12. Nxe5 Nxe5 13. Nf3 f6 14. Be2 Bf5 15. Rh4 Be4 16. Kf1 0-0 17. Bg3 Rad8 18. a4 c5 19. Qd1 bxa4 20. Rxa4 Qb7 21. Qa1 Rb8 22. b4 cxb4 23. cxb4 Qc8 24. b5 Rf7 25. Rhxe4 dxe4 26. Nxe5 Bxe5 27. Bxe5 fxe5 28. Bc4 Qf5 29. Bxf7+ Qxf7 30. Qxe5 Rf8 31. f3 Re8 32. Qc5 exf3 33. Rxa7 fxg2+ 34. Kxg2 Qf6 35. Qd5+ Kh7 36. Rf7 Qc3 37. Qd4 Qxd4 38. exd4 Rb8 39. Rf5 g6 40. Rc5 gxh5 41. Kf3 Kg6 42. Rc6+ Kg5 43. b6 h4 44. Re6 Rf8+ 45. Kg2 Rf7 46. d5 Rd7 47. d6 Rb7 48. Re8 Kg4 49. Kh2 h3 50. Rf8 Rd7 51. Kg1 Kg3 52. Rf6 h5 53. Kh1 Rb7 54. Rf8 Rd7 55. Rg8+ Kf4 56. Re8 Rb7 57. Kh2 Kg4 58. Rf8 Rd7 59. Rc8 Kf5 60. Re8 Rb7 61. Kxh3 Rd7 62. Kg3 Rg7+ 63. Kf3 Rd7 64. Ke3 h4 65. Kf3 Rb7 66. Kg2 Kg5 67. Kh3 Kf4 68. Kg2 Kf5 69. Kh2 Kf4 70. Kh3 Rd7 71. Kg2 Rg7+ 72. Kh2 Rb7 73. Kh3 Rd7 74. Re6 Kf5 75. Re8 Kf4 76. Kh2 Rb7 77. Kg1 Rg7+ 78. Kf2 Rb7 79. Ke2 Rd7 80. Ke1 Kf5 81. Kf2 Kf4 82. Ke2 h3 83. Kf2 Rg7 84. Re1 Rg2+ 85. Kf1 Rd2 86. Re6 h2 87. Rh6 Rxd6 88. b7 Rd1+ 89. Ke2 Rb1 90. Rxh2 1/2-1/2

[Event "Budapest Vezerkepzo Winter GM"]
[Site "Budapest"]
[Date "2023.02.21"]
[Round "6"]
[White "Varga, Csaba Zoltan"]
[Black "Setyaki, Azarya Jodi"]
[Result "0-1"]
[WhiteElo "2299"]
[BlackElo "2409"]
[PlyCount "69"]
[EventDate "2023.02.16"]
[EventType "tourn"]
[EventRounds "9"]
[EventCountry "HUN"]
[EventCategory "6"]
[SourceTitle "CBM 212 Extra"]
[Source "ChessBase"]
[SourceDate "2023.03.31"]
[SourceVersion "1"]
[SourceVersionDate "2023.03.31"]
[SourceQuality "1"]

1. h4 e5 2. c3 d5 3. d4 Nc6 4. dxe5 Nxe5 5. Bf4 Ng6 6. Bg5 Be7 7. Bxe7 N6xe7 8. Nf3 Nf6 9. c4 0-0 10. Nc3 c6 11. e3 Qa5 12. Nd2 Rd8 13. a3 d4 14. Nb3 Qe5 15. Ne2 d3 16. Nc3 Nf5 17. Qd2 Be6 18. Bxd3 Bxc4 19. Bxc4 Rxd2 20. Nxd2 Ng4 21. Nde4 Rd8 22. Rh3 b5 23. Bb3 c5 24. Rd1 Rxd1+ 25. Bxd1 h5 26. Bc2 b4 27. Na4 bxa3 28. bxa3 Qa1+ 29. Kd2 Qf1 30. Rf3 Nxh4 31. Rf4 Nxg2 32. Rf5 N4xe3 33. Nf6+ gxf6 34. fxe3 Qe1+ 35. Kd3 0-1

[Event "Budapest Vezerkepzo Winter GM"]
[Site "Budapest"]
[Date "2023.02.18"]
[Round "3"]
[White "Varga, Csaba Zoltan"]
[Black "Fodor, Tamas Jr"]
[Result "0-1"]
[WhiteElo "2299"]
[BlackElo "2511"]
[PlyCount "44"]
[EventDate "2023.02.16"]
[EventType "tourn"]
[EventRounds "9"]
[EventCountry "HUN"]
[EventCategory "6"]
[SourceTitle "CBM 212 Extra"]
[Source "ChessBase"]
[SourceDate "2023.03.31"]
[SourceVersion "1"]
[SourceVersionDate "2023.03.31"]
[SourceQuality "1"]

1. d4 d5 2. Bf4 c5 3. e4 dxe4 4. d5 Nf6 5. Nc3 a6 6. Qe2 Bf5 7. 0-0-0 Nbd7 8. g4 Bxg4 9. f3 exf3 10. Nxf3 g6 11. d6 e6 12. Rg1 Bg7 13. Rxg4 Nxg4 14. Bh3 Ngf6 15. Bxe6 0-0 16. Bd5 Qb6 17. Bb3 Rae8 18. Qc4 Qc6 19. Qf1 b5 20. Bd5 Qc8 21. Ng5 h6 22. Nge4 Nxd5 0-1

[Event "Budapest FS12 IM"]
[Site "Budapest"]
[Date "2022.12.06"]
[Round "4"]
[White "Varga, Csaba Zoltan"]
[Black "Neverov, Valeriy"]
[Result "0-1"]
[WhiteElo "2347"]
[BlackElo "2393"]
[PlyCount "104"]
[EventDate "2022.12.03"]
[EventType "tourn"]
[EventRounds "9"]
[EventCountry "HUN"]
[EventCategory "2"]
[SourceTitle "CBM 212 Extra"]
[Source "ChessBase"]
[SourceDate "2023.03.31"]
[SourceVersion "1"]
[SourceVersionDate "2023.03.31"]
[SourceQuality "1"]

1. e4 e5 2. Nc3 Nf6 3. Nf3 Nc6 4. h3 Bb4 5. Bb5 Bxc3 6. bxc3 d6 7. d3 Bd7 8. 0-0 h6 9. Bc4 Na5 10. Bb3 c5 11. Bd5 Nxd5 12. exd5 0-0 13. Re1 f5 14. Rb1 b6 15. Bd2 Qf6 16. c4 Nb7 17. Bc3 g5 18. Nxe5 dxe5 19. Rxe5 Qf7 20. f4 Rae8 21. Qd2 gxf4 22. Rbe1 Rxe5 23. Rxe5 Qg6 24. Re7 Rf7 25. Rxf7 Kxf7 26. Qxf4 Nd6 27. Qe5 Ne8 28. Qb8 Qd6 29. Qxa7 f4 30. Kf2 Qe7 31. Bd2 Qh4+ 32. Kg1 Nf6 33. Qxb6 f3 34. Qxc5 fxg2 35. Qe3 Bxh3 36. Qxh6 Qd4+ 37. Qe3 Qg4 38. Be1 Qf5 39. Bf2 Ng4 40. Qe6+ Qxe6 41. dxe6+ Kxe6 42. d4 Kf5 43. c3 Kf4 44. a4 Kf3 45. Bh4 Ne3 46. d5 Nxc4 47. Bf2 Bd7 48. Bd4 Bxa4 49. Kh2 Nd6 50. Be5 Kf2 51. Kh3 Bd7+ 52. Kh4 Nf5+ 0-1

[Event "Budapest FS12 IM"]
[Site "Budapest"]
[Date "2022.12.04"]
[Round "2"]
[White "Varga, Csaba Zoltan"]
[Black "Sahithi Varshini, M."]
[Result "0-1"]
[WhiteElo "2347"]
[BlackElo "2187"]
[PlyCount "100"]
[EventDate "2022.12.03"]
[EventType "tourn"]
[EventRounds "9"]
[EventCountry "HUN"]
[EventCategory "2"]
[SourceTitle "CBM 212 Extra"]
[Source "ChessBase"]
[SourceDate "2023.03.31"]
[SourceVersion "1"]
[SourceVersionDate "2023.03.31"]
[SourceQuality "1"]

1. f4 d5 2. g3 h5 3. Bg2 h4 4. c4 d4 5. Qb3 c6 6. Na3 g6 7. Nf3 h3 8. Bf1 Na6 9. Nc2 Bg7 10. d3 Rb8 11. Bd2 b6 12. Ncxd4 Bxd4 13. Nxd4 Qxd4 14. Bc3 Qe3 15. Bxh8 Nc5 16. Qc3 f6 17. Qd2 Qxd2+ 18. Kxd2 Bg4 19. Re1 Kf7 20. e4 Ne6 21. e5 Nd4 22. Kc3 c5 23. e6+ Bxe6 24. g4 Bxg4 25. Rg1 Be6 26. Be2 Nh6 27. Bh5 Rxh8 28. Rxg6 Kf8 29. Bd1 Bf7 30. Rgg1 Nhf5 31. b4 cxb4+ 32. Kxb4 Rh4 33. Re4 Nc6+ 34. Kc3 Bh5 35. Bb3 Bf3 36. c5 Bg2 37. Bd5 Nb8 38. c6 Nd6 39. c7 Nb5+ 40. Kd2 Nxc7 41. Bb3 Nba6 42. f5 Rxe4 43. dxe4 Nc5 44. Ke3 Nb5 45. Bd5 Nc3 46. Bc4 N3xe4 47. Bd5 Kg7 48. a4 Kh6 49. Kf4 a5 50. Re1 Nd3+ 0-1

[Event "Budapest FS12 IM"]
[Site "Budapest"]
[Date "2022.12.03"]
[Round "1"]
[White "Ilincic, Zlatko"]
[Black "Varga, Csaba Zoltan"]
[Result "1-0"]
[WhiteElo "2314"]
[BlackElo "2347"]
[PlyCount "89"]
[EventDate "2022.12.03"]
[EventType "tourn"]
[EventRounds "9"]
[EventCountry "HUN"]
[EventCategory "2"]
[SourceTitle "CBM 212 Extra"]
[Source "ChessBase"]
[SourceDate "2023.03.31"]
[SourceVersion "1"]
[SourceVersionDate "2023.03.31"]
[SourceQuality "1"]

1. d4 Nf6 2. c4 e6 3. a3 c5 4. e3 Nc6 5. Nf3 b6 6. Bd3 Qc7 7. 0-0 Ba6 8. b3 Be7 9. Bb2 cxd4 10. exd4 d5 11. Nbd2 0-0 12. Rc1 Qf4 13. Re1 dxc4 14. bxc4 Rad8 15. Nb3 Bb7 16. Qd2 Qb8 17. h3 Rfe8 18. Qc2 Qf4 19. Rcd1 g6 20. Re3 Rc8 21. Qe2 Qb8 22. Re1 Nh5 23. Qd2 Nf4 24. Bf1 Rcd8 25. d5 exd5 26. Rxe7 Rxe7 27. Rxe7 Nxe7 28. Be5 Nxh3+ 29. gxh3 Qc8 30. Qg5 Nc6 31. Bf6 Rd6 32. cxd5 Nb8 33. Be5 f6 34. Bxf6 Qf5 35. Be5 Qxg5+ 36. Nxg5 Rd8 37. Bc7 Rf8 38. d6 Bd5 39. Nd4 Nd7 40. Bb5 Nc5 41. d7 Nb7 42. Nge6 Rf7 43. Nd8 Nxd8 44. Bxd8 a6 45. Bxb6 1-0

[Event "Budapest FS11 IM"]
[Site "Budapest"]
[Date "2022.11.11"]
[Round "6"]
[White "To, Nhat Minh"]
[Black "Varga, Csaba Zoltan"]
[Result "1-0"]
[WhiteElo "2321"]
[BlackElo "2360"]
[PlyCount "107"]
[EventDate "2022.11.05"]
[EventType "tourn"]
[EventRounds "9"]
[EventCountry "HUN"]
[EventCategory "1"]
[SourceTitle "CBM 211 Extra"]
[Source "ChessBase"]
[SourceDate "2023.01.31"]
[SourceVersion "1"]
[SourceVersionDate "2023.01.31"]
[SourceQuality "1"]

1. e4 a6 2. d4 d6 3. a4 g6 4. Nc3 Bg7 5. a5 Nf6 6. h3 0-0 7. Be3 c6 8. Nf3 b5 9. axb6 Qxb6 10. Ra2 a5 11. Bd3 Na6 12. Na4 Qd8 13. c3 Be6 14. Ra3 Nc7 15. 0-0 Rb8 16. Qc2 Rb7 17. Nd2 Qd7 18. Kh2 Nb5 19. Raa1 Nh5 20. f4 f5 21. e5 Bh6 22. Be2 Nc7 23. c4 Rfb8 24. g3 Qc8 25. Rf2 Bd7 26. b3 Ne6 27. Nb2 Qc7 28. Nd3 Rf8 29. Ra2 Bc8 30. Qc3 Ra7 31. Rf1 c5 32. d5 Nd4 33. Bxd4 cxd4 34. Qxd4 Ra6 35. c5 dxe5 36. Nxe5 Raf6 37. Ndc4 Rd8 38. Rd1 Bf8 39. Rad2 Ng7 40. c6 Ne8 41. Qb6 Bg7 42. Qxa5 Qxa5 43. Nxa5 Nd6 44. b4 Ne4 45. Rc2 g5 46. b5 gxf4 47. gxf4 Bh6 48. Rf1 Rfd6 49. b6 Be6 50. Nb7 Bxd5 51. Nxd8 Re6 52. Nxe6 Bxc6 53. Rxc6 Bg5 54. Rc8# 1-0

[Event "Budapest FS11 IM"]
[Site "Budapest"]
[Date "2022.11.06"]
[Round "2"]
[White "Varga, Csaba Zoltan"]
[Black "Kul, Ivan"]
[Result "1-0"]
[WhiteElo "2360"]
[BlackElo "2196"]
[PlyCount "77"]
[EventDate "2022.11.05"]
[EventType "tourn"]
[EventRounds "9"]
[EventCountry "HUN"]
[EventCategory "1"]
[SourceTitle "CBM 211 Extra"]
[Source "ChessBase"]
[SourceDate "2023.01.31"]
[SourceVersion "1"]
[SourceVersionDate "2023.01.31"]
[SourceQuality "1"]

1. b3 e5 2. Bb2 Nc6 3. e3 Nf6 4. Nf3 e4 5. Ne5 Nxe5 6. Bxe5 d5 7. c4 Bd6 8. Bxf6 Qxf6 9. Nc3 Qg6 10. cxd5 0-0 11. Rc1 a6 12. Qc2 f5 13. g3 b5 14. Bg2 Bb7 15. d3 b4 16. Na4 Bxd5 17. Nc5 Rae8 18. 0-0 Kh8 19. dxe4 Bxe4 20. Nxe4 fxe4 21. Qc6 Re6 22. Qb7 h5 23. Rc4 Rfe8 24. Rd1 h4 25. Rdd4 hxg3 26. hxg3 Qf6 27. Bxe4 Rf8 28. f4 c5 29. Rd1 Rfe8 30. Kf2 Qe7 31. Qd5 Rh6 32. Kf3 Qf6 33. Rc2 Qe7 34. Rcd2 Rb8 35. Qg5 Qf8 36. Qf5 Qe7 37. Rxd6 Rf8 38. Qxf8+ Qxf8 39. Rd8 1-0

[Event "Budapest FS09 IM"]
[Site "Budapest"]
[Date "2022.09.06"]
[Round "4"]
[White "Varga, Csaba Zoltan"]
[Black "Ilincic, Zlatko"]
[Result "1-0"]
[WhiteElo "2372"]
[BlackElo "2316"]
[PlyCount "59"]
[EventDate "2022.09.03"]
[EventType "tourn"]
[EventRounds "11"]
[EventCountry "HUN"]
[EventCategory "2"]
[SourceTitle "CBM 210 Extra"]
[Source "ChessBase"]
[SourceDate "2022.11.30"]
[SourceVersion "1"]
[SourceVersionDate "2022.11.30"]
[SourceQuality "1"]

1. d4 Nf6 2. Bg5 Ne4 3. Bh4 d5 4. f3 Nd6 5. Nc3 Nf5 6. Bf2 c5 7. e4 dxe4 8. dxc5 e3 9. Bg3 Qd2+ 10. Qxd2 exd2+ 11. Kxd2 Nxg3 12. hxg3 e6 13. Nb5 Kd8 14. Nh3 f6 15. Nf4 Bxc5 16. Rd1 Bd7 17. Kc3 Kc8 18. b4 a6 19. Na3 Bf2 20. Ng6 Rd8 21. Rxh7 b5 22. Rxg7 Nc6 23. Rd6 Kc7 24. Rxe6 Rg8 25. Rxc6+ Kxc6 26. Rxg8 Rxg8 27. Ne7+ Kd6 28. Nxg8 Be1+ 29. Kb2 Bxg3 30. Nh6 1-0